000 006020000a22001930004500
001 66001
090 _a66001
100 _a20001113d[s.d k||y0pory5003 ba
101 0 _apor
102 _aPT
200 1 _aJoäo Vêncio
_eos seus amores
_fJosé Luandino Vieira
210 _aLisboa
_cEdiçöes 70
_d[s.d]
215 _a142 p
675 _a821.13(673)-34
_vBN
_zpor
700 1 _aVieira
_bJosé Luandino
_cPseud.
942 _cMON
_n0